|
|
|
|
| LEADER |
00736nam a22002412a 4500 |
| 001 |
000157608 |
| 003 |
CZ BrMZK |
| 005 |
20020319074222.0 |
| 007 |
ta |
| 008 |
010907s1979 xo slo d |
| 040 |
|
|
|a BOA001
|b cze
|
| 080 |
|
|
|a 502.5:551(0.062)
|2 MRF
|
| 080 |
|
|
|a 551:502.5(0.062)
|2 MRF
|
| 100 |
1 |
|
|a Matula, Milan,
|d 1924-2016
|7 jk01080842
|4 aut
|
| 245 |
1 |
0 |
|a Geológia a životné prostredie /
|c Milan Matula
|
| 250 |
|
|
|a 1. vyd.
|
| 260 |
|
|
|a Bratislava :
|b Obzor,
|c 1979
|
| 300 |
|
|
|a 290 s.
|
| 490 |
1 |
|
|a Malá moderná encyklopédia
|
| 830 |
|
0 |
|a Malá moderná encyklopédia
|
| 910 |
|
|
|a BOA001
|b 2-0801.143
|
| 990 |
|
|
|a BK
|
| 996 |
6 |
|
|b 2619936060
|c 2-0801.143
|l MZK
|r Sklad / do 1 hodiny
|n 3
|w 000157608
|u 000010
|a 1
|e BOA001
|j MZK50
|s P
|